| 000 | 03142nam0a2200421 4500 | ||
|---|---|---|---|
| 001 | RU\NLR\BIBL_A\012780993 | ||
| 005 | 20221205170718.0 | ||
| 010 |
_a978-5-907470-58-3 _91500 |
||
| 021 |
_aRU _bКН-П-22-005071 _9КН-П-22-0397 |
||
| 035 | _a(NLR Aleph) 012780993 | ||
| 035 | _a(RuMoRGB)010968645 | ||
| 090 |
_a13123100 _c13123100 |
||
| 100 | _a20220506d2022 u y0rusy50 ca | ||
| 101 | 1 |
_arus _ceng |
|
| 102 | _aRU | ||
| 105 | _ay z 000zy | ||
| 181 | 0 |
_ai4 _baxxe |
|
| 182 | 0 | _an | |
| 200 | 1 |
_aКибербезопасность: правила игры _eкак руководители и сотрудники влияют на культуру безопасности в компании _fЭллисон Сэрра _gперевод с английского: [Людмила Смилевска] |
|
| 203 |
_aТекст _bвизуальный _cнепосредственный |
||
| 210 |
_aМосква _cАльпина ПРО _d2022 [т. е. 2021] |
||
| 215 |
_a187, [1] с. _d22 |
||
| 300 | _aЗагл. и авт. ориг.: The cybersecurity playbook / Allison Cerra | ||
| 300 | _aКн. фактически издана в 2021 г. | ||
| 320 | _aБиблиогр.: с. 180-188 (101 назв.) | ||
| 330 | _aНастоящее руководство по борьбе с хакерами и обеспечению безопасности вашего бизнеса. Во многих книгах по кибербезопасности слишком много внимания уделяется техническим аспектам бизнеса, а не повседневным действиям сотрудников и руководителей компаний. Эллисон Сэрра признает, что самое слабое место любого предприятия - его сотрудники. Надежная кибербезопасность больше не является обязанностью исключительно ИТ-отделов: ответственность за нее несет каждый сотрудник компании. Поэтому автор дает советы, как внедрить в рабочую рутину максимально эффективные привычки и методики, которые впоследствии помогут защитить стратегически важные ресурсы вашего бизнеса | ||
| 333 | _a12+ | ||
| 454 | 0 |
_12001#$aThe cybersecurity playbook$fAllison Cerra _1700#1$aCerra$bA.$gAllison _tThe cybersecurity playbook _aCerra, Allison |
|
| 606 | 1 |
_aКорпоративные вычислительные сети _xБезопасность _92194359 _3RU\NLR\AUTH\661318929 |
|
| 606 | 1 |
_aПредприятия _xИнформационная безопасность _92321601 _3RU\NLR\AUTH\661388874 |
|
| 686 | 1 | _aЗ988.02-082.03 | |
| 686 | 1 | _aУ29(0)в612 | |
| 700 | 1 |
_aСэрра _bЭ. _gЭллисон |
|
| 942 | _cBOOK | ||
| 980 | _aNB | ||